Mamina y su aprendiz de botánica. (Registro nro. 437083)

Detalles MARC
000 -LÍDER
Campo fijo de descripción fija 00688nam a22002297a 4500
003 - IDENTIFICADOR DEL NÚMERO DE CONTROL
Campo de control BCEG
005 - FECHA Y HORA DE LA ULTIMA TRANSACCIÓN
control field 20260223152924.0
008 - ELEMENTOS DE LONGITUD FIJA -- INFORMACIÓN GENERAL
Campo fijo de descripción fija -- Información general 260223s2025 mx|||||| |||| 00| 0 spa d
020 ## - ISBN
Isbn 9786073866705
040 ## - FUENTE DE CATALOGACIÓN
Agencia de catalogación original BCEG
Idioma de catalogación spa
Agencia que realiza la transcripción BCEG
082 04 - NÚMERO DE CLASIFICACIÓN DECIMAL DEWEY
Número de clasificación I580
Clave de autor-Numero de item J371m
100 1# - ASIENTO PRINCIPAL--NOMBRE PERSONAL
Nombre del autor personal Jaramillo, Gina,
Fechas asociadas con el nombre 1982-.
245 10 - TÍTULO PROPIAMENTE DICHO
Título Mamina y su aprendiz de botánica.
260 ## - PUBLICACIÓN, DISTRIBUCIÓN, ETC. (PIE DE IMPRENTA)
Lugar de publicación, distribución, etc. Ciudad de México :
Nombre del editor, distribuidor, etc. Penguin Random House,
Fecha de publicación, distribución, etc. 2025.
300 ## - DESCRIPCIÓN FÍSICA
Extensión [46] p.
Otros detalles físicos : il., col.
535 ## - NOTA DE UBICACIÓN DE ORIGINALES
Custodio Disponible en la colección infantil de 7-9 años.
541 ## - NOTA DE FUENTE INMEDIATA DE ADQUISICIÓN
Nota de fuente de adquisición Donación.
650 14 - ASIENTO SECUNDARIO DE MATERIA - TERMINO TEMÁTICO
Término temático o nombre geográfico como elemento de entrada Botánica
Subdivisión de forma Libros infantiles.
650 14 - ASIENTO SECUNDARIO DE MATERIA - TERMINO TEMÁTICO
Término temático o nombre geográfico como elemento de entrada Plantas
Subdivisión de forma Libros infantiles.
700 1# - ASIENTO SECUNDARIO - NOMBRE PERSONAL
Nombre personal Magallanes, Alejandro,
Función o responsabilidad del autor il.
942 ## - TIPO DE MATERIAL (KOHA)
Tipo de Item KOHA Libro
Existencias
No para Préstamo Colección Biblioteca de Origen Biblioteca Permanente Fecha de Adquisición Fuente de Adquisicion Total de Préstamos Signatura Topográfica Código de Barras Última vez visto Tipo de Material
Material en Reserva Infantil Biblioteca Central Estatal de Guanajuato, "Wigberto Jiménez Moreno" Biblioteca Central Estatal de Guanajuato, "Wigberto Jiménez Moreno" 23/02/2026 DONAD   I580 J371m BCEG8655230954 23/02/2026 Libro